00424 a2200109 4500082001700000100002400017245006900041260008100110300003100191500003500222856005700257 aMS-IT-7bMOM aSyeda Momina Tabish aDetection of malicious portable executablescSyeda Momina Tabish aIslamabad:bNUST School of Electrical Engineering & Computer Science,c2010. ax, 75 p. :bill. ;c27 cm. aSupervisor : Dr. Fauzan Mirza. uhttp://10.250.8.41:8080/xmlui/handle/123456789/10015